Detalles MARC
| 000 -LIDER |
| fixed length control field |
01012nam a22003135b 4500 |
| 001 - NÚMERO DE CONTROL |
| Identificador de número de control |
|
| 003 - IDENTIFICACDOR DE NÚMERO DE CONTROL |
| control field |
DO-SdBNP |
| 005 - DATE AND TIME OF LATEST TRANSACTION |
| control field |
20240724133448.0 |
| 008 - ELEMENTOS DE LONGITUD FIJA |
| fixed length control field |
920624s2007 sp ||| ||spa |
| 017 ## - NÚMERO DE REGISTRO DE DERECHOS DE AUTOR |
| Copyright or legal deposit number |
|
| Assigning agency |
|
| 020 ## - ISBN |
| International Standard Book Number |
8498155207 |
| 040 ## - FUENTE DE CATALOGACIÓN |
| Agencia que crea de manera original el registro |
BPMSU |
| Idioma de catalogación |
spa |
| Agencia que realiza la transcripción |
BPMSU |
| Convenciones de la despripción |
|
| 080 #0 - NÚMERO DE CLASIFICACIÓN DECIMAL UNIVERSAL |
| Universal Decimal Classification number |
|
| 082 #4 - NÚMERO DE CLASIFICACIÓN DECIMAL DE DEWEY |
| Classification number |
863.6 |
| Item number |
O16a 2007 |
| Edition number |
22 |
| 100 1# - ASIENTO PRINCIPAL -- NOMBRE PERSONAL |
| Nombre personal |
Ochoa, Núria |
| 240 10 - TITULO UNIFORME |
| Título uniforme |
|
| Subencabezamiento de forma |
|
| 245 14 - MENCIÓN DE TITULO |
| Título |
Las aventuras de Don Quijote / |
| Mención de responsabilidad |
Miguel de Cervantes ;adaptación textos, Núria Ochoa ; ilustraciones de Alicia Ginebreda |
| Medio (Designación general de material) |
|
| 260 ## - PUBLICACIÓN, DISTRIBUCIÓN, ETC. (PIE DE IMPRENTA) |
| Lugar de publicación, distribución, etc |
Barcelona : |
| Nombre del editor, distribuidor, etc. |
Santillana Ediciones Generales, |
| Fecha de publicación, distribución, etc |
2007 |
| 300 ## - DESCRIPCIÓN FÍSICA |
| Extensión |
Varias paginaciones : |
| Otros detalles físicos |
il. ; |
| Dimensiones |
29 cm |
| 490 0# - MENCIÓN DE SERIES |
| Mención de serie |
Mis primeros clásicos |
| Volume/sequential designation |
|
| 590 ## - NOTA LOCAL |
| Texto de la nota local |
Inventariado, 2024/VM |
| 650 #4 - ENCABEZAMIENTO DE MATERIA--TEMÁTICO |
| Término temático o nombre geográfico como elemento de entrada |
Cuentos infantiles españoles |
| 650 #4 - ENCABEZAMIENTO DE MATERIA--TEMÁTICO |
| Término temático o nombre geográfico como elemento de entrada |
Cuentos de aventuras |
| 700 1# - ASIENTO SECUNDARIO -- NOMBRE PERSONAL |
| Nombre personal |
Ginebreda, Alicia |
| Mención de responsabilidad |
ilustraciones |
| 700 1# - ASIENTO SECUNDARIO -- NOMBRE PERSONAL |
| Nombre personal |
Cervantes Saavedra, Miguel de |
| Fechas asociadas con el nombre |
1547-1616 |
| Título de una obra |
Don Quijote de la Mancha |
| 901 ## - LOCAL DATA ELEMENT A, LDA (RLIN) |
| a |
|
| 910 ## - VALIDACIÓN |
| Validación |
VMateo V. Control de caliad. BPMSU |
| 942 ## - ADDED ENTRY ELEMENTS (KOHA) |
| Source of classification or shelving scheme |
Dewey Decimal Classification |
| Koha item type |
Libros |